000 00620nam a2200193Ia 4500
005 20250326144753.0
008 250326s9999 xx 000 0 und d
020 _a81-7629-287-7
037 _aTextbook
040 _aFMSL
_beng
_cFMSL
041 _aeng
_2eng
084 _aSNIobX:8 P1
_qFMSL
100 _aSingh Nirmal
245 0 _aOrganisational behaviour : Concepts, theory and practices:Managing people and organisations in the 21st century
_cSingh Nirmal
260 _aNew Delhi
_bNew Delhi, Deep & Deep
_c2001
300 _axxiii,950
942 _cTB
_hSNIobX:8 P1
999 _c1304982
_d1304982